Ungarn und die Türkengefahr zur Zeit Sigismunds (1387-1437)

Titel: Ungarn und die Türkengefahr zur Zeit Sigismunds (1387-1437)
Verfasser:
In: ˜Dasœ Zeitalter König Sigmunds in Ungarn und im Deutschen Reich, (2000), Seite 55-71
alle Artikel anzeigen
Veröffentlicht: 2000
Format: Aufsatz
Sprache: Deutsch
Kein Bild verfügbar
X
alg: 39174508
001A    $01999:11-11-16 
001B    $01999:29-03-21 $t21:46:29.000 
001D    $01999:11-11-16 
001U    $0utf8 
001X    $00 
002@    $0Aox 
003@    $0391745085 
007A    $0391745085 $aHEB 
007T    $0Herdc0063145m 
010@    $ager 
011@    $a2000 
021A    $aUngarn und die Türkengefahr zur Zeit Sigismunds (1387-1437) 
028A    $aEngel $dPál 
031A    $h55-71 $j2000 
039B    $aIn $8--Aau--. Das @Zeitalter König Sigmunds in Ungarn und im Deutschen Reich. - Debrecen : Debrecen Univ. Press, 2000. - 218 S.. - ISBN 963-472-451-5 $x200000000000000945 $9100729169 
045F    $a900.94390902 $eDDC23BSB 
045F/01 $a900 
045F/03 $f0902 
045F/03 $g439 

lok: 39174508 78

exp: 39174508 78 1 #EPN
201B/01 $005-07-18 $t23:20:34.000 
201U/01 $0utf8 
203@/01 $0787839892 
208@/01 $a11-11-16 $be 
209A/01 $a/ $f000 $x00 
220C/01 $aTitelaufnehmer: nk;tn 
220C/01 $aHerkunft: HI Marburg 
244Z/01 $2Trx $#Ungari $#Vengrija $#Ungārija $#Ungarn $#Hungary $#Węgry $#Maďarsko $#Maďarsko $#Uhorsko $#Uhersko;Uhry $8--Trx--Magyarország $x01 $9391197150 
244Z/01 $aGeschichte 1387-1437 $x02 
244Z/01 $#Sigmund  $#Siegmund  $#Sigismundus  $#Sigismundus  $#Sigismundus  $#Sigismundus Imperator Romae $#Sigmund  $#Sigismund  $#Sigismund  $#Sigismund  $#Sigismond  $#Zygmunt Luksemburski $#Zikmund Lucemburský $#Zsigmond  $#Sigismund  $#Siegmund  $#Žigmund Luxemburský $#Sigismundus  $#Luxemburg, Sigismund von $#Luxemburg, Siegmund von $#Luxemburg, Zikmund von $#Luxemburg, Zsigmond von $#Luksemburški, Žigmund $#Sigismund  $#Sigmund  $#Sigmund  $#Sigismund  $#Siegmund  $#Sigismundus  $7118614185 $8--Tp1--$PSigismund$lHeiliges Römisches Reich, Kaiser$Z1368-1437 $x03 $9086955136 
244Z/01 $2Trx $#kuningad, Ungari $#Vengrijos karaliai $#kings, Hungarian $#királyok, magyar $#królowie węgierscy $#králi uhorskí $#králové uherští $8--Trx--Könige, ungarische $x04 $9391376438 
244Z/01 $2Trx $#sõda, osmani 1389- 1718 $#Osmanijos karai 1389-1718 $#Osmanic wars 1389-1718 $#háborúk, oszmán 1389-1718 $#wojny osmańskie 1389-1718 $#vojny osmanské 1389-1718 $#války s Turky 1389-1718 $#Türkenkriege $#vojny turecké $8--Trx--Kriege, Osmanische$g1389-1718 $x05 $9391372599 
244Z/01 $2Trx $#suhted, Osmani-Ungari $#santykiai, Otomanų imperijos ir Vengrijos $#relations, Hungarian-Ottoman $#kapcsolatok, magyar-oszmán $#stosunki osmańsko-węgierskie $#vzťahy maďarsko-osmanské $#vztahy maďarsko-osmanské $8--Trx--Beziehungen, osmanisch-ungarische $x06 $9391378074 
244Z/01 $2Trx $8--Trx--Einzelbeiträge $x07 $9391384570 
245Z/01 $a06.02 $x01 
247C/01 $82080>Marburg/Lahn, Herder-Institut, Forschungsbibliothek, Bibliographieportal $9336309341
LEADER 00000caa a22000002c 4500
001 391745085
003 DE-603
005 20210329214629.0
007 tu
008 161111s2000 xx |||| | u00||u|ger c
035 |a (DE-599)HEB391745085 
040 |a DE-603  |b ger  |c DE-603  |d DE-603 
041 |a ger 
082 0 4 |8 1\u  |a 900.94390902  |q DE-101  |2 23/BSB 
085 |8 1\u  |b 900 
085 |8 1\u  |z 1  |s 0902 
085 |8 1\u  |z 2  |s 439 
100 1 |a Engel, Pál 
245 0 0 |a Ungarn und die Türkengefahr zur Zeit Sigismunds (1387-1437) 
264 0 |c 2000 
773 0 8 |i In  |t ˜Dasœ Zeitalter König Sigmunds in Ungarn und im Deutschen Reich  |d Debrecen : Debrecen Univ. Press, 2000  |h 218 S.  |z 9634724515  |g (2000), Seite 55-71  |w (DE-603)100729169 
924 0 |9 2080  |a (DE-603)787839892  |b DE-2080  |c HES  |d d  |g /